Statistiques concernant Nommez un département français valide n°1

Cliquez ici pour prendre le quiz!

Statistiques générales

  • Ce quiz a été pris 29 404 fois
  • Le résultat moyen est 10 sur 18

Statistiques - réponses

Nommez un département...Réponses possibles% Correct
...dont le nom commence par "Y"Yvelines | Yonne
97%
...avec une commune de plus de 500 000 habitantsParis | Bouches-du-Rhône | Rhône (et métropole de Lyon)
91%
...où est né un Président de la Vème RépubliqueNord | Cantal | Charente | Paris | Seine-Maritime | Somme
82%
...traversé par la GaronneHaute-Garonne | Tarn-et-Garonne | Lot-et-Garonne | Gironde
78%
...de la région BretagneCôtes-d'Armor | Finistère | Ille-et-Vilaine | Morbihan
76%
...frontalier d'un micro-étatAlpes-Maritimes | Ariège | Pyrénées-Orientales
69%
...faisant partie des AntillesGuadeloupe | Martinique
65%
...dont le numéro contient une lettreCorse-du-Sud | Haute-Corse
64%
...de plus de 10 000 km²Guyane | Gironde
49%
...traversé par la chaîne des PyrénéesPyrénées-Orientales | Aude | Ariège |
Haute-Garonne | Hautes-Pyrénées | Pyrénées-Atlantiques
49%
...frontalier de la BelgiqueNord | Aisne | Ardennes | Meuse | Meurthe-et-Moselle
43%
...complètement à l'Est de la SuisseMayotte | La Réunion
37%
...où l'espérance de vie n'excède pas 77 ansGuyane | Guadeloupe | Pas-de-Calais | Aisne | Mayotte
36%
...dont le nom contient plus de 18 lettresAlpes-de-Haute-Provence | Pyrénées-Atlantiques |
Territoire de Belfort
34%
...avec plus de 2700 heures d'ensoleillement (en 2020)Bouches-du-Rhône | Var | Vaucluse | Alpes-de-Haute-Provence
29%
...dont la préfecture compte moins de 10 000 habitantsArdèche | Ariège
27%
...dont le nom contient un "X"Deux-Sèvres
20%
...avec seulement un député (une circonscription)Creuse | Lozère
18%

Distribution des résultats

Percentile par nombre de réponses

% des personnes avec chaque résultat

Votre développement - résultats

Vous n’avez pas pris ce quiz